000
00347nam a22001577a 4500
005
20160618144911.0
008
160618b xxu||||| |||| 00| 0 eng d
041
_a
eng
082
_b
8176
100
_a
Koli, Dr. L.N.
_9
2239
245
_a
International Business
260
_b
Naravis
300
_a
352
650
_a
Management
_9
241
942
_c
BK
999
_c
3130
_d
3129